000 00655nam a2200253Ia 4500
003 OSt
005 20221006143241.0
006 a|||||r|||| 00| 0
007 ta
008 221006b |||||||| |||| 00| 0 eng d
020 _c
_30.00
024 _a8,441
037 _cTextual
040 _aEASL
_cEASL
_beng
041 _2eng
_aeng
082 _aX7.42.N8, M6
100 _aSHIBATA Tokue Ed.
_9644128
245 0 _aPublic finance in Japan
260 _aTokyo
_bUniversity of Tokyo Press Japan
_c1986
300 _a195p.
_ccm.
490 _v JEL
942 _hX7.42.N8, M6
_cTEXL
_2CC
999 _c1076527
_d1076527